000
00429nam a2200133Ia 4500
008
151001s9999||||xx |||||||||||||| ||und||
100
_a
जयंती विश्वनाथ सहस्त्रबुद्धे
245
_a
सौदर्याच्या औषधी खजिना
250
_a
1
260
_b
शारदा साहित्य
260
_c
1960
300
_a
80
365
_b
21
999
_c
974169
_d
974166